000 00544nam a22001697a 4500
999 _c524648
_d524648
003 NUST
038 _aMr. Zahoor
082 _a624.1
100 _aAnwar, Abdul
_916047
245 _aA Conceptual Model of Delay Factor Affecting Government Funded Hydropower Projects /
_cAbdul Anwar
260 _aIslamabad :
_bMCE - NUST,
_c2017.
300 _axii, 63 p. : ill. ; 30 cm.
500 _aHardcover.
650 _aConstruction Engineering & Management - MS Thesis
_916077
700 _aDr. Muhammad Shoail Anwar Malik
_916078
942 _2ddc
_cTHE